| 000 | 01108pam a2200277 a 4500 | ||
|---|---|---|---|
| 001 | 016131748 | ||
| 003 | OSt | ||
| 005 | 20170712123940.0 | ||
| 008 | 120719s2013 xxka fr 001 0 eng d | ||
| 020 | _a9781780932293 (pbk.) | ||
| 020 | _a1780932294 (pbk.) | ||
| 040 |
_aStDuBDS _beng _cStDuBDS _dUkOxU _dUk _dEG-ScBUE |
||
| 082 | 0 | 0 |
_a613.091724 _222 _bMHE |
| 245 | 0 | 0 |
_aHealth in practice : _bmobile technology for health promotion in the developing world / _cedited by Jonathan Donner and Patricia Mechael. |
| 260 |
_aLondon ; _aNew York, United States : _bBloomsbury Academic, _c2013. |
||
| 300 |
_axiv, 194 p. : _bill. ; _c24 cm. |
||
| 500 | _aIndex : p. 185-194. | ||
| 650 | 0 |
_aHealth promotion _xTechnological innovations _zDeveloping countries _937052 _2BUEsh |
|
| 650 | 0 |
_aWireless communication systems in medical care _zDeveloping countries _937053 _2BUEsh |
|
| 650 | 0 |
_aCell phones _zDeveloping countries _937054 _2BUEsh |
|
| 651 | _2BUEsh | ||
| 653 |
_bCOMSCI _cJanuary2015 |
||
| 700 | 1 |
_aDonner, Jonathan _eeditor. _937055 |
|
| 700 | 1 |
_aMechael, Patricia _eeditor. _937056 |
|
| 942 |
_2ddc _k613.091724 MHE |
||
| 999 |
_c18827 _d18799 |
||